1980 1198 1005 1294 1173 1080 1273 1811 1388 1974 1995 1781 1568 1196 1336 1355 1171 1955 1624 1430 1541 1254 1287 1164 1421 1492 1700 1387 1025 1349 1646 1677 1258 1994 1882 1680 1935 1236 2000 1897 1538 1836 1662 1505 1807 1048 1559 1269 1358 1699 1687 1661 1313 1843 1297 1733 1127 1073 1791 1476 1433 1050 1250 1809 1583 1847 1886 1891 1405 1511 1472 1538 1812 1389 1190 1200 1390 1616 1570 1247 1931 1422 1603 1015 1046 1710 1770 1117 1860 1183 1371 1674 1634 1401 1714 1356 1744 1461 1091 BCNSPRNW ULIB Ver.6.0+V

เปลี่ยนเป็นภาษาไทย

Change to English
 แสดงรายละเอียดบรรณานุกรม
  กลับหน้าหลัก

Brief Record : Get Marc (ISO 2709) : E-mail record : QR code < ปิดหน้าต่าง
LEADER : 00000nam 2200000uu 4500
001    13399120197
003     ULIB
008    120911s2545||||th 000 0 tha d
020    ^a9789748858524
060  4 ^aWA546^bว539น
100    ^aวิชัย โชควิวัฒน
110    ^aโครงการสวัสดิการวิชาการ สบช.
245    ^aแนวคิดและแบบอย่างการทำงานสาธารณสุขเพื่อชนบท /^cวิชัย โชควิวัฒน
250    ^aพิมพ์ครั้งที่ 2
260    ^aนนทบุรี :^bโครงการสวัสดิการวิชาการ สบช.,^c2545
300    ^a211 หน้า
650    ^aการทำงานสาธารณสุข^xแนวคิด
650    ^aสาธารณสุข^xชุมชน
945    ^p190^l0^i19509
945    ^p190^l0^i19510
945    ^p190^l0^i19511
999    ^aกัณชพร
รายการนี้ยังไม่มีแท็ก
คุณยังไม่ได้ล็อกอิน คุณสามารถมีกิจกรรมร่วมกับเว็บไซต์ได้ แต่ต้องล็อกอินก่อน ::
  ล็อกอิน

รายการสื่อสารสนเทศ

ลำดับที่ ประเภท เลขเรียก/บาร์โค้ด สถานที่ สถานะ
- ไม่พบข้อมูล -

รายการใกล้เคียง
    ผู้แต่ง [วิชัย โชควิวัฒน]

BibComment


ยังไม่เคยถูกคอมเมนท์

คอมเมนท์ทรัพยากรรายการนี้
  คอมเมนท์: แนวคิดและแบบอย่า..


 Copyright 2026. Bcnsprnw @Library